<?xml version="1.0" encoding="UTF-8"?>
<collection xmlns="http://www.loc.gov/MARC21/slim">
 <record>
  <leader>02803nas a2200493   4500</leader>
  <controlfield tag="001">1/50499</controlfield>
  <controlfield tag="008">101104s19989999xxuqr1p       0   z0eng d</controlfield>
  <datafield tag="022" ind1=" " ind2=" ">
   <subfield code="a">1520-3255</subfield>
  </datafield>
  <datafield tag="035" ind1=" " ind2=" ">
   <subfield code="l">43376</subfield>
  </datafield>
  <datafield tag="040" ind1=" " ind2=" ">
   <subfield code="a">DLC</subfield>
   <subfield code="d">GR-PeUP</subfield>
  </datafield>
  <datafield tag="090" ind1=" " ind2=" ">
   <subfield code="a">Αλφαβητική σειρά</subfield>
  </datafield>
  <datafield tag="245" ind1="0" ind2="4">
   <subfield code="a">The journal of alternative investments.</subfield>
  </datafield>
  <datafield tag="260" ind1="0" ind2=" ">
   <subfield code="a">New York, NY :</subfield>
   <subfield code="b">Institutional Investor, Inc.,</subfield>
   <subfield code="c">[1998]-</subfield>
  </datafield>
  <datafield tag="300" ind1=" " ind2=" ">
   <subfield code="a">τ. :</subfield>
   <subfield code="b">εικ. ;</subfield>
   <subfield code="c">28 εκ.</subfield>
  </datafield>
  <datafield tag="310" ind1=" " ind2=" ">
   <subfield code="a">Τριμηνιαίο.</subfield>
  </datafield>
  <datafield tag="546" ind1=" " ind2=" ">
   <subfield code="a">Αγγλική.</subfield>
  </datafield>
  <datafield tag="650" ind1=" " ind2="4">
   <subfield code="a">Investments</subfield>
   <subfield code="v">Periodicals.</subfield>
  </datafield>
  <datafield tag="650" ind1=" " ind2="4">
   <subfield code="a">Hedge funds</subfield>
   <subfield code="v">Periodicals.</subfield>
  </datafield>
  <datafield tag="852" ind1=" " ind2=" ">
   <subfield code="a">INST</subfield>
   <subfield code="b">UNIPILB</subfield>
   <subfield code="c">SERIALS</subfield>
   <subfield code="e">20101104</subfield>
   <subfield code="h">Αλφαβητική σειρά</subfield>
   <subfield code="p">70497</subfield>
   <subfield code="q">70497</subfield>
   <subfield code="t">NOLOAN</subfield>
   <subfield code="v">vol.12;no.2:(Εποχή)Fall;(Έτος)2009</subfield>
   <subfield code="y">23</subfield>
  </datafield>
  <datafield tag="852" ind1=" " ind2=" ">
   <subfield code="a">INST</subfield>
   <subfield code="b">UNIPILB</subfield>
   <subfield code="c">SERIALS</subfield>
   <subfield code="e">20101104</subfield>
   <subfield code="h">Αλφαβητική σειρά</subfield>
   <subfield code="p">70498</subfield>
   <subfield code="q">70498</subfield>
   <subfield code="t">NOLOAN</subfield>
   <subfield code="v">vol.13;no.1:(Εποχή)Summer;(Έτος)2010</subfield>
   <subfield code="y">23</subfield>
  </datafield>
  <datafield tag="852" ind1=" " ind2=" ">
   <subfield code="a">INST</subfield>
   <subfield code="b">UNIPILB</subfield>
   <subfield code="c">SERIALS</subfield>
   <subfield code="e">20101104</subfield>
   <subfield code="h">Αλφαβητική σειρά</subfield>
   <subfield code="p">70499</subfield>
   <subfield code="q">70499</subfield>
   <subfield code="t">NOLOAN</subfield>
   <subfield code="v">vol.12;no.3:(Εποχή)Winter;(Έτος)2010</subfield>
   <subfield code="y">23</subfield>
  </datafield>
  <datafield tag="852" ind1=" " ind2=" ">
   <subfield code="a">INST</subfield>
   <subfield code="b">UNIPILB</subfield>
   <subfield code="c">SERIALS</subfield>
   <subfield code="e">20101104</subfield>
   <subfield code="h">Αλφαβητική σειρά</subfield>
   <subfield code="p">70500</subfield>
   <subfield code="q">70500</subfield>
   <subfield code="t">NOLOAN</subfield>
   <subfield code="v">vol.12;no.4:(Εποχή)Spring;(Έτος)2010</subfield>
   <subfield code="y">23</subfield>
  </datafield>
  <datafield tag="852" ind1=" " ind2=" ">
   <subfield code="a">INST</subfield>
   <subfield code="b">UNIPILB</subfield>
   <subfield code="c">SERIALS</subfield>
   <subfield code="e">20101124</subfield>
   <subfield code="h">Αλφαβητική σειρά</subfield>
   <subfield code="p">70658</subfield>
   <subfield code="q">70658</subfield>
   <subfield code="t">NOLOAN</subfield>
   <subfield code="v">vol.13;no.2:(Εποχή)Fall;(Έτος)2010</subfield>
   <subfield code="y">23</subfield>
  </datafield>
  <datafield tag="856" ind1="4" ind2="1">
   <subfield code="u">http://www.iijournals.com/toc/jai/current</subfield>
  </datafield>
  <datafield tag="900" ind1=" " ind2=" ">
   <subfield code="a">Vol. 11 no. 23 (Fall 2010)</subfield>
   <subfield code="b">Οφειλόμενο</subfield>
   <subfield code="c">08/02/2011</subfield>
  </datafield>
  <datafield tag="900" ind1=" " ind2=" ">
   <subfield code="a">Vol. 11 no. 1 (Winter 2009)</subfield>
   <subfield code="b">Οφειλόμενο</subfield>
   <subfield code="c">03/11/2010</subfield>
  </datafield>
  <datafield tag="900" ind1=" " ind2=" ">
   <subfield code="a">Vol. 12 no. 2 (Fall 2009)</subfield>
   <subfield code="b">Οφειλόμενο</subfield>
   <subfield code="c">03/11/2010</subfield>
  </datafield>
  <datafield tag="900" ind1=" " ind2=" ">
   <subfield code="a">Vol. 11 no. 3 (Spring 2009)</subfield>
   <subfield code="b">Οφειλόμενο</subfield>
   <subfield code="c">03/11/2010</subfield>
  </datafield>
  <datafield tag="900" ind1=" " ind2=" ">
   <subfield code="a">Vol. 11 no. 4 (Spring 2009)</subfield>
   <subfield code="b">Οφειλόμενο</subfield>
   <subfield code="c">03/11/2010</subfield>
  </datafield>
  <datafield tag="900" ind1=" " ind2=" ">
   <subfield code="a">Vol. 11 no. 6 (Summer 2009)</subfield>
   <subfield code="b">Οφειλόμενο</subfield>
   <subfield code="c">03/11/2010</subfield>
  </datafield>
  <datafield tag="900" ind1=" " ind2=" ">
   <subfield code="a">Vol. 11 no. 7 (Summer 2009)</subfield>
   <subfield code="b">Οφειλόμενο</subfield>
   <subfield code="c">03/11/2010</subfield>
  </datafield>
  <datafield tag="900" ind1=" " ind2=" ">
   <subfield code="a">Vol. 11 no. 8 (Summer 2009)</subfield>
   <subfield code="b">Οφειλόμενο</subfield>
   <subfield code="c">03/11/2010</subfield>
  </datafield>
  <datafield tag="900" ind1=" " ind2=" ">
   <subfield code="a">Vol. 11 no. 9 (Fall 2009)</subfield>
   <subfield code="b">Οφειλόμενο</subfield>
   <subfield code="c">03/11/2010</subfield>
  </datafield>
  <datafield tag="900" ind1=" " ind2=" ">
   <subfield code="a">Vol. 11 no. 10 (Fall 2009)</subfield>
   <subfield code="b">Οφειλόμενο</subfield>
   <subfield code="c">03/11/2010</subfield>
  </datafield>
  <datafield tag="900" ind1=" " ind2=" ">
   <subfield code="a">Vol. 11 no. 18 (Summer 2010)</subfield>
   <subfield code="b">Οφειλόμενο</subfield>
   <subfield code="c">03/11/2010</subfield>
  </datafield>
  <datafield tag="900" ind1=" " ind2=" ">
   <subfield code="a">Vol. 11 no. 19 (Summer 2010)</subfield>
   <subfield code="b">Οφειλόμενο</subfield>
   <subfield code="c">03/11/2010</subfield>
  </datafield>
  <datafield tag="900" ind1=" " ind2=" ">
   <subfield code="a">Vol. 11 no. 20 (Summer 2010)</subfield>
   <subfield code="b">Οφειλόμενο</subfield>
   <subfield code="c">03/11/2010</subfield>
  </datafield>
  <datafield tag="900" ind1=" " ind2=" ">
   <subfield code="a">Vol. 11 no. 22 (Fall 2010)</subfield>
   <subfield code="b">Οφειλόμενο</subfield>
   <subfield code="c">12/01/2011</subfield>
  </datafield>
  <datafield tag="950" ind1=" " ind2=" ">
   <subfield code="a">01/01/2009</subfield>
   <subfield code="c">SWETS INFORMATION SERVICES</subfield>
   <subfield code="d">802</subfield>
  </datafield>
  <datafield tag="951" ind1=" " ind2=" ">
   <subfield code="a">Vol. 13 no. 2 (Fall 2010)</subfield>
   <subfield code="b">Main run</subfield>
  </datafield>
  <datafield tag="951" ind1=" " ind2=" ">
   <subfield code="a">Vol. 12 no. 2  (Fall 2009)</subfield>
   <subfield code="b">Main run</subfield>
  </datafield>
  <datafield tag="951" ind1=" " ind2=" ">
   <subfield code="a">Vol. 12 no. 4  (Spring 2010)</subfield>
   <subfield code="b">Main run</subfield>
  </datafield>
  <datafield tag="951" ind1=" " ind2=" ">
   <subfield code="a">Vol. 12 no. 3  (Winter 2010)</subfield>
   <subfield code="b">Main run</subfield>
  </datafield>
  <datafield tag="951" ind1=" " ind2=" ">
   <subfield code="a">Vol. 13 no. 1  (Summer 2010)</subfield>
   <subfield code="b">Main run</subfield>
  </datafield>
 </record>
</collection>
